| 000 | 01000nam a22003017a 4500 | ||
|---|---|---|---|
| 003 | CHAP | ||
| 005 | 20220329133934.0 | ||
| 008 | 971013s1974 r 00010 d | ||
| 010 | _a12947 | ||
| 011 | _a13919 | ||
| 035 | _a17992 | ||
| 040 | _cCHAP | ||
| 090 | _aFolleto 3943y | ||
| 100 | 0 | 0 |
_aGoldberg, S. Dan. _948544 |
| 245 | 1 | _aEfecto de los intervalos en el riego por goteo, sobre la distribución y utilización de la humedad del suelo en un viñedo | |
| 260 |
_aMéxico, D.F. : _bCentro Regional de Ayuda Técnica, _c(1974) |
||
| 300 |
_a8 p. _b: ilus. |
||
| 590 |
_aBATCH-UPD _b10 _c20130110 _lUCH01 _h1120 |
||
| 590 |
_aBATCH-UPD _b10 _c20130410 _lUCH01 _h0710 |
||
| 590 |
_aBATCH-UPD _b10 _c20130914 _lUCH01 _h2004 |
||
| 590 |
_aCONVERSION _b10 _c20130109 _lUCH01 _h1308 |
||
| 650 | 1 | 4 |
_aRiego por goteo. _997380 |
| 650 | 1 | 4 |
_aSuelos _xHumedad. _9110391 |
| 650 | 1 | 4 |
_aVid _xIrrigación. _9119122 |
| 901 | _aBK | ||
| 942 | _cFOLL | ||
| 949 |
_aFolleto 3943y _bBC _cFOLL _d-42105 _eTS1 _i17992 _mD _si |
||
| 999 |
_c12947 _d12947 |
||